Gemeinden Ostbelgiens - Statistics

General Stats
  • This quiz has been taken 10 times
  • The average score is 5 of 11
Answers on the Map
Answers color-coded by a green-red scale on the quiz's map according to % correct below.
 
Answer Stats
Group Answer % Correct
Eupener Land Eupen | Néau
100%
Belgische Eifel Sankt Vith | Saint Vith
67%
französische Gemeinschaft Malmedy
67%
Belgische Eifel Büllingen | Bullange
56%
Belgische Eifel Bütgenbach | Butgenbach
44%
Eupener Land Raeren
44%
Belgische Eifel Amel | Amblève
33%
Belgische Eifel Burg-Reuland
33%
Eupener Land Kelmis | La Calamine
33%
Eupener Land Lontzen
33%
französische Gemeinschaft Waimes | Weismes
22%
No matching quizzes found
Score Distribution
Percent of People with Each Score
Percentile by Number Answered
Your Score History
You have not taken this quiz